00878nam a2200253 a 450000100100000000500170001000800410002702000150006804000250008308200180010810000350012624000360016124501240019726000540032130000260037549000190040153400450042065000360046565000340050170000370053583000260057204900090059899900170060700002274620200930021755.0101117s1985 mx r 000 0 spa d a9681621670 aDO-SdBNPbspacBNPHU a305.42bG481m1 aGilligan, Carol,d1936-94673910aIn a different voicelEspañol10aLa moral y la teoría :bpsicología del desarrollo femenino /cCarol Gilligan ; traducción de Juan José Utrilla. aMéxico :bFondo de Cultura Económicas,c1985. a288, [8] p. ;c18 cm.1 aPopular ;v326 aTítulo original:tIn a different voice 4aPsicología de la mujer943610 4aPsicología evolutiva9467401 aUtrilla, Juan Joséetr.944259 0aPopular ;v326913374 aBNGR c22243d22243